Jomo Kenyatta International Airport Destinations (Nairobi, Kenya) - Statistics

General Stats
  • This quiz has been taken 172 times
    49 since last reset
  • The average score is 48 of 72
Answer Stats
Airline Destination % Correct
Etihad Airways Abu Dhabi
100%
Ethiopian Airlines/Kenya Airways Addis Ababa
100%
Egyptair Cairo
100%
Emirates/flydubai/Kenya Airways Dubai (International)
100%
Kenya Airways London (Gatwick)
100%
British Airways/Kenya Airways London (Heathrow)
100%
Air India Delhi
97%
Qatar Airways Doha
97%
Lufthansa Frankfurt
97%
Turkish Airlines Istanbul
97%
Saudia Jeddah
97%
Airlink/Kenya Airways/South African Airways Johannesburg (O.R. Tambo)
97%
Air France/Kenya Airways Paris (Charles de Gaulle)
97%
Kenya Airways Cape Town
95%
Air Tanzania/Kenya Airways/LAM Mozambique Airlines/Precision Air/Skyward Express Dar es Salaam
95%
Kenya Airways/TAAG Angola Airlines Luanda
95%
flynas Riyadh
95%
Kenya Airways Accra
92%
Kenya Airways Lagos
92%
IndiGo/Kenya Airways Mumbai (Shivaji)
92%
Kenya Airways/KLM Amsterdam
89%
Gulf Air Bahrain
89%
Kenya Airways Kinshasa (N'djili)
89%
China Southern Airlines/Kenya Airways Guangzhou
87%
Kenya Airways/Zambia Airways Lusaka
87%
Air Tanzania/Kenya Airways/Precision Air Zanzibar
87%
Kenya Airways Antananarivo
84%
Kenya Airways/RwandAir Kigali
84%
SalamAir Muscat
84%
Brussels Airlines Brussels
82%
Kenya Airways/LAM Mozambique Airlines Maputo
82%
African Express Airways/Daallo Airlines/Jubba Airways/Kenya Airways Mogadishu
82%
Kenya Airways Brazzaville
79%
Kenya Airways Harare
79%
Kenya Airways New York (JFK)
79%
Kenya Airways/Malawi Airlines Lilongwe
76%
Freedom Airline/Jambojet/Kenya Airways/Skyward Express Mombasa
76%
Kenya Airways Abidjan
74%
Kenya Airways Dakar (Diass)
74%
Kenya Airways/RwandAir/Uganda Airlines Entebbe
74%
Air Arabia Sharjah
74%
African Express Airways/Kenya Airways Juba
68%
Kenya Airways/Precision Air Kilimanjaro
68%
Kenya Airways Douala
66%
ASKY Airlines Lomé
63%
Kenya Airways Mauritius
63%
Kenya Airways Bangkok (Suvarnabhumi)
61%
Kenya Airways Bujumbura
58%
Kenya Airways Bamako
53%
Kenya Airways Mahé
50%
Kenya Airways Moroni
50%
Kenya Airways Libreville
47%
Kenya Airways Lubumbashi
47%
China Southern Airlines Changsha
45%
Kenya Airways Freetown
42%
African Express Airways Hargeisa
39%
Kenya Airways Monrovia (Roberts)
37%
Kenya Airways Blantyre
32%
Jambojet/Kenya Airways Kisumu
32%
Kenya Airways Victoria Falls
32%
Jambojet Eldoret
29%
Jambojet Goma
29%
Kenya Airways Livingstone
29%
LAM Mozambique Airlines Pemba
26%
Jambojet Lamu
16%
Kenya Airways Ndola
16%
African Express Airways Bosaso
13%
Kenya Airways Dzaoudzi
13%
African Express Airways Garowe
13%
Jambojet/Kenya Airways Malindi
13%
Kenya Airways Nampula
13%
Jambojet Ukunda/Diani Beach
8%
No matching quizzes found
Score Distribution
Percent of People with Each Score
Percentile by Number Answered
Your Score History
You have not taken this quiz since the last reset